Stratégia rozvoja poľnohospodárskych podnikov a konkurenčná schopnosť agropotravinárstva zborník vedeckých prác

Enregistré dans:
Détails bibliographiques
Collectivité auteur: Ekonomická univerzita v Bratislave
Autres auteurs: Tóth, Miroslav, 1961-, Rajňák, Milan, Tršťanská, Alena
Format: Livre
Langue:slovaque
anglais
Publié: Bratislava Vydavateľstvo EKONÓM 2011
Sujets:
Tags: Ajouter un tag
Pas de tags, Soyez le premier à ajouter un tag!

MARC

LEADER 00000nam a2200000 4500
001 0128293
005 20240502072450.8
020 |a 978-80-225-3182-5 
041 0 |a slo 
041 0 |a eng 
044 |a SK 
245 1 0 |a Stratégia rozvoja poľnohospodárskych podnikov a konkurenčná schopnosť agropotravinárstva  |b zborník vedeckých prác  |c Miroslav Grznár a kolektív ; redakčné a zostavovateľské práce Miroslav Tóth 
264 1 |a Bratislava  |b Vydavateľstvo EKONÓM  |c 2011 
300 |a 79 s. 
610 2 0 |a rozvoj podniku 
610 2 0 |a poľnohospodárstvo 
610 2 0 |a politika poľnohospodárska 
610 2 0 |a konkurencieschopnosť 
610 2 0 |a agropotravinárstvo 
610 2 0 |a ekonomika znalostná 
610 2 0 |a manažment strategický 
610 2 0 |a sily pracovné 
700 1 |a Tóth, Miroslav, 1961- 
700 1 |a Rajňák, Milan 
700 1 |a Tršťanská, Alena 
710 2 |a Ekonomická univerzita v Bratislave